[Event "26. Erfurter Schachfestival 2016 - MT"]
[Site "Erfurt"]
[Date "2016.12.29"]
[Round "6.3"]
[White "Lampert, Jonas"]
[Black "Fries-Nielsen, Jens Ove"]
[Result "0-1"]
[WhiteElo "2500"]
[BlackElo "2333"]
[PlyCount "68"]
[EventDate "2016.12.26"]
[EventCountry "GER"]

1. e4 e6 2. d4 Ne7 3. Nc3 d6 4. Be3 Nd7 5. Qd2 a6 6. f4 b5 7. a4 b4 8. Nce2 Bb7
9. Ng3 h5 10. h4 Nf6 11. Bd3 d5 12. e5 Ne4 13. Bxe4 dxe4 14. Qxb4 Rb8 15. Qd2
Bd5 16. c3 Nc6 17. Qe2 Rb3 18. Nxh5 Qb8 19. Bc1 Nxd4 20. cxd4 Qb4+ 21. Bd2 Qxd4
22. Rc1 Rxb2 23. Nxg7+ Kd7 24. Ba5 Bb4+ 25. Kf1 Bxa5 26. Rd1 Rxe2 27. Rxd4 Re1+
28. Kf2 e3+ 29. Kg3 Rg8 30. h5 Rxg7+ 31. Kh4 e2 32. h6 Rxg2 33. h7 Rexg1 34.
h8=Q Rxh1# 0-1

[Event "26. Erfurter Schachfestival 2016 - MT"]
[Site "Erfurt"]
[Date "2016.12.29"]
[Round "6.4"]
[White "Pfreundt, Jakob"]
[Black "Schmaltz, Roland"]
[Result "1/2-1/2"]
[WhiteElo "2327"]
[BlackElo "2487"]
[PlyCount "116"]
[EventDate "2016.12.26"]
[EventCountry "GER"]

1. e4 c5 2. Nf3 d6 3. d4 cxd4 4. Nxd4 Nf6 5. Nc3 a6 6. Be3 e6 7. a4 b6 8. g3
Bb7 9. Bg2 h5 10. h3 Nbd7 11. Qe2 Rc8 12. O-O Rc7 13. Rad1 Be7 14. f4 Qa8 15.
Bc1 g6 16. Rfe1 O-O 17. e5 dxe5 18. fxe5 Nh7 19. Bxb7 Qxb7 20. Ne4 Nc5 21. Nd6
Qa8 22. Rf1 Nxa4 23. Bh6 Nxb2 24. Rb1 Na4 25. Bxf8 Bxf8 26. Qf3 Qxf3 27. Rxf3
b5 28. c4 Bxd6 29. exd6 Rxc4 30. Rd1 Nc5 31. d7 Nxd7 32. Nxe6 Ndf8 33. Nxf8
Kxf8 34. Ra3 h4 35. gxh4 Rxh4 36. Kg2 Rc4 37. Rxa6 Rc2+ 38. Kg3 Rc3+ 39. Kg2
Ng5 40. h4 Ne6 41. Rf1 Kg7 42. Rb6 Nd4 43. Rb7 Nf5 44. Rxf5 gxf5 45. Rxb5 Kg6
46. Ra5 f6 47. Rb5 Re3 48. Ra5 Re5 49. Ra6 f4 50. Kf3 Kf5 51. Ra8 Re3+ 52. Kf2
Rh3 53. Rh8 f3 54. Ra8 Rxh4 55. Ra5+ Kg6 56. Kxf3 Rb4 57. Rc5 f5 58. Rc8 Rb3+
1/2-1/2

[Event "26. Erfurter Schachfestival 2016 - MT"]
[Site "Erfurt"]
[Date "2016.12.29"]
[Round "6.5"]
[White "Hendriks, Willy"]
[Black "Friedrich, Wiede"]
[Result "1/2-1/2"]
[WhiteElo "2396"]
[BlackElo "2302"]
[PlyCount "121"]
[EventDate "2016.12.26"]
[EventCountry "GER"]

1. g3 Nf6 2. Bg2 d5 3. Nf3 c5 4. O-O Nc6 5. d3 e6 6. Nbd2 Be7 7. e4 O-O 8. Re1
Qc7 9. c3 b5 10. exd5 Nxd5 11. a4 b4 12. c4 Nb6 13. Nb3 Rd8 14. Qe2 Rb8 15. Bf4
Bd6 16. Be3 Ne7 17. Ng5 Nf5 18. Ne4 Nxe3 19. Qxe3 Be5 20. a5 Nd7 21. Re2 Bd6
22. Rd1 Be7 23. d4 Ba6 24. dxc5 Nxc5 25. Rxd8+ Rxd8 26. Nexc5 Rd1+ 27. Bf1 Bxc4
28. Re1 Rxe1 29. Qxe1 Bxf1 30. Kxf1 Bxc5 31. Qc1 Bd6 32. Qxc7 Bxc7 33. Ke2 Be5
34. Kd3 Bxb2 35. Kc4 Bc3 36. a6 Kf8 37. Na5 Be1 38. f3 b3 39. Nxb3 Ke7 40. Kb5
Kd6 41. Nd4 Bf2 42. Ne2 h5 43. h3 f5 44. Kc4 e5 45. g4 fxg4 46. fxg4 hxg4 47.
hxg4 e4 48. g5 Ke5 49. g6 Bb6 50. Nc3 Kf5 51. Nd5 e3 52. Kd3 Bc5 53. Nxe3+ Bxe3
54. Kxe3 Kxg6 55. Kd4 Kf6 56. Kc5 g5 57. Kc6 g4 58. Kb7 g3 59. Kxa7 g2 60. Kb7
g1=Q 61. a7 1/2-1/2

[Event "26. Erfurter Schachfestival 2016 - MT"]
[Site "Erfurt"]
[Date "2016.12.29"]
[Round "6.6"]
[White "Urban, Konstantin"]
[Black "Schmitzer, Klaus"]
[Result "1-0"]
[WhiteElo "2368"]
[BlackElo "2296"]
[PlyCount "157"]
[EventDate "2016.12.26"]
[EventCountry "GER"]

1. e4 c6 2. d4 d5 3. Nd2 dxe4 4. Nxe4 Nf6 5. Nxf6+ gxf6 6. Be3 Qb6 7. Bd3 Na6
8. a3 h5 9. Ne2 h4 10. O-O Bh6 11. Bxh6 Rxh6 12. h3 Nc7 13. c4 Ne6 14. Qd2 Rh8
15. Qe3 Bd7 16. f4 Kf8 17. b4 Rd8 18. c5 Qc7 19. a4 Bc8 20. f5 Ng5 21. Bc4 Kg7
22. Rf4 Rh5 23. Raf1 b6 24. Rg4 bxc5 25. bxc5 Re8 26. Qf2 Qa5 27. Nf4 Rh6 28.
Qc2 Rd8 29. Nd3 Ba6 30. Ne1 Kf8 31. Nf3 Nxf3+ 32. Rxf3 Qe1+ 33. Kh2 Bxc4 34.
Qxc4 Qa5 35. Rff4 Rd5 36. Qb3 Qc7 37. Kg1 Rh5 38. Qf3 Qa5 39. Kh2 Qc7 40. Kg1
Qa5 41. Qe4 Qxa4 42. Rxh4 Rxh4 43. Rxh4 Ke8 44. Qf4 Qb4 45. Rg4 Qb1+ 46. Kh2
Kd7 47. Rg8 Rxf5 48. Qg4 Qf1 49. Ra8 Qf4+ 50. Qxf4 Rxf4 51. Rxa7+ Ke6 52. Rc7
Kd5 53. Rd7+ Ke6 54. Rc7 Kd5 55. Rd7+ Ke6 56. Rd8 f5 57. Kg3 Rf1 58. h4 f6 59.
h5 Rh1 60. h6 Kf7 61. d5 cxd5 62. c6 Kg6 63. c7 Rc1 64. c8=Q Rxc8 65. Rxc8 Kxh6
66. Rd8 Kg5 67. Rxd5 e5 68. Kf3 Kg6 69. Rd7 Kh6 70. g4 Kg6 71. gxf5+ Kxf5 72.
Ra7 Ke6 73. Rb7 Kf5 74. Rb6 Kg6 75. Kg4 e4 76. Kf4 e3 77. Kxe3 Kg5 78. Kf3 f5
79. Rb5 1-0

[Event "26. Erfurter Schachfestival 2016 - MT"]
[Site "Erfurt"]
[Date "2016.12.29"]
[Round "6.7"]
[White "Grigorian, Spartak"]
[Black "Schmidek, Emil"]
[Result "1/2-1/2"]
[WhiteElo "2335"]
[BlackElo "2225"]
[PlyCount "35"]
[EventDate "2016.12.26"]
[EventCountry "GER"]

1. e4 e5 2. Nf3 Nc6 3. Nc3 Nf6 4. Bb5 Bd6 5. a3 O-O 6. d3 h6 7. g4 Nd4 8. Rg1
Be7 9. Bc4 d6 10. h3 c6 11. Ba2 Nh7 12. Be3 Bf6 13. Rg3 Be6 14. Ne2 Bxa2 15.
Bxd4 Be6 16. Be3 d5 17. Kf1 Qe7 18. Kg2 1/2-1/2

[Event "26. Erfurter Schachfestival 2016 - MT"]
[Site "Erfurt"]
[Date "2016.12.29"]
[Round "6.8"]
[White "Lagunow, Raphael"]
[Black "Brüdigam, Martin"]
[Result "1/2-1/2"]
[WhiteElo "2267"]
[BlackElo "2412"]
[PlyCount "36"]
[EventDate "2016.12.26"]
[EventCountry "GER"]

1. Nf3 Nf6 2. c4 e6 3. g3 b6 4. Bg2 Bb7 5. O-O Be7 6. d4 O-O 7. Re1 d5 8. Nc3
Na6 9. cxd5 exd5 10. Bf4 c5 11. Rc1 Re8 12. Ne5 cxd4 13. Qxd4 Bc5 14. Qd2 Ne4
15. Nxe4 dxe4 16. Qxd8 Raxd8 17. Nc4 Bd5 18. a3 h6 1/2-1/2

[Event "26. Erfurter Schachfestival 2016 - MT"]
[Site "Erfurt"]
[Date "2016.12.29"]
[Round "6.9"]
[White "Meißner, Felix"]
[Black "Wöllermann, Jan"]
[Result "1/2-1/2"]
[WhiteElo "2255"]
[BlackElo "2388"]
[PlyCount "82"]
[EventDate "2016.12.26"]
[EventCountry "GER"]

1. e4 e5 2. Nf3 Nc6 3. Nc3 Nf6 4. Be2 d5 5. exd5 Nxd5 6. O-O Nxc3 7. bxc3 Bd6
8. d4 O-O 9. Re1 exd4 10. cxd4 h6 11. Rb1 b6 12. Bd3 Bb7 13. c3 Re8 14. Be3 Qf6
15. Rb5 Ne7 16. Ne5 Bxe5 17. Rxe5 Nd5 18. Rxe8+ Rxe8 19. Bd2 Rxe1+ 20. Qxe1 Qe7
21. Be4 b5 22. f3 Qd6 23. Bd3 Bc6 24. Qe4 Nf6 25. Qf5 Bd7 26. Qf4 Qxf4 27. Bxf4
Nd5 28. Bd2 Nb6 29. Kf2 c6 30. Kg3 Be6 31. a3 Kf8 32. h4 Ke7 33. h5 Kf6 34. Kf2
Nc4 35. Bc1 Bd5 36. g4 Ke7 37. f4 Nd6 38. Ke3 Nc4+ 39. Kf2 Nd6 40. Ke3 Nc4+ 41.
Kf2 Nd6 1/2-1/2

[Event "26. Erfurter Schachfestival 2016 - MT"]
[Site "Erfurt"]
[Date "2016.12.29"]
[Round "6.10"]
[White "Mueer, Sebastian"]
[Black "Berchtenbreiter, Maximilian"]
[Result "1/2-1/2"]
[WhiteElo "2237"]
[BlackElo "2384"]
[PlyCount "58"]
[EventDate "2016.12.26"]
[EventCountry "GER"]

1. d4 Nf6 2. c4 a6 3. Nc3 c5 4. dxc5 e6 5. e4 Qc7 6. f4 Bxc5 7. e5 Ng8 8. Ne4
b5 9. Nf3 Bb7 10. Nxc5 Qxc5 11. cxb5 axb5 12. Qd4 Qc7 13. Qc3 Qxc3+ 14. bxc3
Bxf3 15. gxf3 Ra5 16. a3 Ne7 17. Rb1 O-O 18. Rxb5 Ra4 19. Rb7 Rc8 20. Bb5 Ra8
21. c4 Nec6 22. Bxc6 Rxc6 23. Rb4 Na6 24. Ra4 Rac8 25. Ke2 Nc5 26. Rb4 Na6 27.
Ra4 Nc5 28. Rb4 Na6 29. Ra4 Nc5 1/2-1/2

[Event "26. Erfurter Schachfestival 2016 - MT"]
[Site "Erfurt"]
[Date "2016.12.29"]
[Round "6.11"]
[White "Thinius, Marco"]
[Black "Hofmann, Rares"]
[Result "1-0"]
[WhiteElo "2357"]
[BlackElo "2214"]
[PlyCount "65"]
[EventDate "2016.12.26"]
[EventCountry "GER"]

1. Nf3 d5 2. c4 d4 3. b4 g5 4. Bb2 Bg7 5. e3 e5 6. exd4 exd4 7. Bd3 Nc6 8. O-O
g4 9. Re1+ Be6 10. b5 Nb4 11. Bf5 gxf3 12. a3 Nc2 13. Qxc2 d3 14. Bxd3 Bxb2 15.
Qxb2 Qxd3 16. Qxh8 Qg6 17. g3 O-O-O 18. Qe5 Nh6 19. Nc3 Qg4 20. Qe4 Qh5 21. Nd5
Ng4 22. h4 Bxd5 23. cxd5 Nf6 24. Qe5 Qg6 25. h5 Nxh5 26. Rac1 Rd6 27. Qe8+ Rd8
28. Rxc7+ Kxc7 29. Rc1+ Kd6 30. Qxd8+ Ke5 31. Qc7+ Kxd5 32. Qc5+ Ke6 33. Re1+
1-0

[Event "26. Erfurter Schachfestival 2016 - MT"]
[Site "Erfurt"]
[Date "2016.12.29"]
[Round "6.12"]
[White "Kaunzinger, Albert"]
[Black "Osmanodja, Filiz"]
[Result "1/2-1/2"]
[WhiteElo "2217"]
[BlackElo "2343"]
[PlyCount "103"]
[EventDate "2016.12.26"]
[EventCountry "GER"]

1. d4 Nf6 2. Bf4 c5 3. c3 Qb6 4. Qb3 Qxb3 5. axb3 cxd4 6. Bxb8 Rxb8 7. Rxa7 e5
8. Ra5 d5 9. e4 b6 10. Bb5+ Kd8 11. Ra7 dxe4 12. Rxf7 Ra8 13. Ne2 Ra5 14. Bc6
Rc5 15. Ba8 Bd7 16. O-O Rc8 17. Bb7 Rb8 18. Ba6 Ke8 19. Rxd7 Nxd7 20. cxd4 exd4
21. Nxd4 Bc5 22. Nc6 Ra8 23. Bb5 Nf6 24. b4 Bd6 25. Nc3 Kf7 26. Bc4+ Kg6 27.
Rd1 Bc7 28. g3 Rae8 29. Kg2 Rhf8 30. h3 h5 31. Nd4 Re7 32. Nc6 Ree8 33. Nd4 Rh8
34. Ne6 Be5 35. h4 Rc8 36. Ba2 Rhe8 37. Ng5 Re7 38. Nd5 Rd7 39. Ne3 Rcc7 40.
Rb1 Re7 41. Ne6 Rc8 42. Rc1 Ra8 43. Bb3 Rd7 44. Rc6 Rd3 45. Bc4 Rd6 46. Ng5 Ra7
47. Ne6 Ra8 48. Ng5 Ra7 49. Ne6 Nh7 50. Rc8 Re7 51. Nd8 Red7 52. Nc6 1/2-1/2

[Event "26. Erfurter Schachfestival 2016 - MT"]
[Site "Erfurt"]
[Date "2016.12.29"]
[Round "6.13"]
[White "Lopez-Rojas, Jeffrey"]
[Black "Pons Carreras, David"]
[Result "1/2-1/2"]
[WhiteElo "2181"]
[BlackElo "2335"]
[PlyCount "87"]
[EventDate "2016.12.26"]
[EventCountry "GER"]

1. d4 Nf6 2. Nf3 e6 3. g3 b6 4. Bg2 Bb7 5. O-O Be7 6. c4 O-O 7. Nbd2 c5 8. e3
cxd4 9. exd4 d5 10. b3 Nc6 11. Bb2 Rc8 12. Re1 Re8 13. Ne5 Bb4 14. Nd3 Bxd2 15.
Qxd2 dxc4 16. bxc4 Na5 17. Bxb7 Nxb7 18. Rac1 Na5 19. Ne5 Nd7 20. Qb4 Nxe5 21.
dxe5 Qe7 22. Qa4 Red8 23. c5 Rxc5 24. Ba3 Rxc1 25. Rxc1 Qb7 26. Bb4 h5 27. Bxa5
bxa5 28. Qh4 Rd2 29. Qa4 Qf3 30. Rf1 Kh7 31. h4 Qd5 32. Qf4 Kg8 33. a3 Rd1 34.
Rxd1 Qxd1+ 35. Kh2 a4 36. Qe3 Qb3 37. Qc5 a6 38. Kg1 Qd1+ 39. Kh2 Qb3 40. Kg1
Kh7 41. Qe7 Qf3 42. Qb4 Qd1+ 43. Kh2 Qf3 44. Kg1 1/2-1/2

[Event "26. Erfurter Schachfestival 2016 - MT"]
[Site "Erfurt"]
[Date "2016.12.29"]
[Round "6.14"]
[White "Skibbe, Willi"]
[Black "Schuette, Marc"]
[Result "1-0"]
[WhiteElo "2279"]
[BlackElo "2108"]
[PlyCount "67"]
[EventDate "2016.12.26"]
[EventCountry "GER"]

1. d4 d5 2. c4 c6 3. Nf3 Nf6 4. e3 e6 5. Nbd2 Be7 6. Bd3 b6 7. O-O Nbd7 8. e4
dxc4 9. Nxc4 Bb7 10. e5 Nd5 11. Bg5 O-O 12. Bxe7 Qxe7 13. Nd6 Rab8 14. h4 Nf4
15. Bc2 Ba6 16. Re1 h6 17. Qd2 Nd5 18. Rac1 f5 19. Bb3 Bb7 20. Bxd5 exd5 21.
Nxb7 Rxb7 22. Rxc6 Nb8 23. Rg6 Kh7 24. Rd6 Rd7 25. Qf4 Rxd6 26. exd6 Qd8 27.
Re7 Rf6 28. Qg3 Rg6 29. Qe5 Nc6 30. Qxf5 Qxd6 31. Re8 Qf6 32. Qxd5 Ne7 33. Qe4
Nf5 34. h5 1-0

[Event "26. Erfurter Schachfestival 2016 - MT"]
[Site "Erfurt"]
[Date "2016.12.29"]
[Round "6.15"]
[White "Brendel, Bergit"]
[Black "Schöne, Maria"]
[Result "0-1"]
[WhiteElo "2118"]
[BlackElo "2278"]
[PlyCount "62"]
[EventDate "2016.12.26"]
[EventCountry "GER"]

1. e4 d6 2. d4 Nf6 3. Nc3 g6 4. f4 Bg7 5. Nf3 c5 6. Bb5+ Bd7 7. e5 Ng4 8. e6
Bxb5 9. exf7+ Kxf7 10. Ng5+ Kg8 11. Nxb5 Qa5+ 12. Bd2 Qxb5 13. Qxg4 Qd7 14.
Qxd7 Nxd7 15. dxc5 Nxc5 16. O-O-O h6 17. Nf3 Na4 18. c3 b5 19. Rhe1 Kf7 20. Be3
Rhc8 21. Bd4 Bxd4 22. Rxd4 Rab8 23. Kb1 a5 24. g4 b4 25. cxb4 axb4 26. Nd2 Nc5
27. Ne4 Ne6 28. Rd2 Nxf4 29. Rf2 g5 30. h4 Kg6 31. hxg5 Nd3 0-1

[Event "26. Erfurter Schachfestival 2016 - MT"]
[Site "Erfurt"]
[Date "2016.12.29"]
[Round "7.1"]
[White "Enders, Peter"]
[Black "Urban, Konstantin"]
[Result "1-0"]
[WhiteElo "2446"]
[BlackElo "2368"]
[PlyCount "163"]
[EventDate "2016.12.26"]
[EventCountry "GER"]

1. b3 e5 2. Bb2 Nc6 3. e3 Nf6 4. Nf3 Bd6 5. d3 O-O 6. Nbd2 Re8 7. Be2 Bf8 8. c4
a5 9. a3 d6 10. O-O h6 11. Qc2 Bf5 12. Ne4 Bh7 13. Bc3 Nd7 14. Ng3 Nc5 15. b4
Ne6 16. Qd2 axb4 17. axb4 Qd7 18. Rfc1 f5 19. d4 e4 20. d5 exf3 21. dxe6 Qxe6
22. Bxf3 Kh8 23. Bd5 Qe7 24. Rxa8 Rxa8 25. b5 Nd8 26. Qd1 c6 27. Bf3 Qd7 28.
bxc6 bxc6 29. Ra1 Rxa1 30. Qxa1 Qb7 31. h3 Bg6 32. Qa5 Ne6 33. Kh2 Nc5 34. Bd4
Kh7 35. h4 Nb3 36. Qb6 Qxb6 37. Bxb6 c5 38. Bd5 Kh8 39. Bc7 Bh7 40. h5 Nd2 41.
Ba5 Ne4 42. Nxe4 fxe4 43. Bd8 g5 44. hxg6 Bxg6 45. Bf6+ Bg7 46. Bxg7+ Kxg7 47.
Kg3 Kf6 48. Kf4 Bf5 49. Bxe4 Be6 50. Bd5 Bd7 51. Kg3 Bf5 52. Kh4 Bd7 53. Kh5
Kg7 54. g4 Be8+ 55. Kh4 Kf6 56. f4 Ba4 57. Kh5 Bd1 58. Kh4 Be2 59. Kg3 Kg6 60.
Be6 Kf6 61. Kf2 Bd1 62. Bd7 Bb3 63. Bb5 Bd1 64. Kg3 Be2 65. e4 Bd3 66. Kf3 Bc2
67. Bc6 Bd1+ 68. Kg3 Be2 69. Bd5 Bd1 70. Kh4 Be2 71. Kh5 Bd1 72. Bc6 Be2 73.
Bd7 Kg7 74. e5 dxe5 75. fxe5 Bxc4 76. e6 Kf6 77. Kxh6 Ke7 78. g5 Bd3 79. g6
Bxg6 80. Kxg6 c4 81. Kf5 c3 82. Ba4 1-0

[Event "26. Erfurter Schachfestival 2016 - MT"]
[Site "Erfurt"]
[Date "2016.12.29"]
[Round "7.3"]
[White "Glantz, Robert"]
[Black "Hendriks, Willy"]
[Result "0-1"]
[WhiteElo "2314"]
[BlackElo "2396"]
[PlyCount "66"]
[EventDate "2016.12.26"]
[EventCountry "GER"]

1. e4 c5 2. Nf3 e6 3. d4 cxd4 4. Nxd4 a6 5. Nc3 Qc7 6. g3 Bb4 7. Nde2 Nf6 8.
Bg2 O-O 9. Bf4 d6 10. a3 Bxc3+ 11. Nxc3 e5 12. Bg5 Nbd7 13. O-O h6 14. Bc1 b5
15. f4 Bb7 16. f5 Rac8 17. Re1 Nb6 18. Qe2 Rfe8 19. Rb1 Nc4 20. Nd1 d5 21. exd5
Bxd5 22. Bxd5 Nxd5 23. Qf3 Qc5+ 24. Nf2 Nd6 25. g4 e4 26. Qe2 e3 27. Nd1 Re4
28. Kh1 Nf4 29. Qf3 Qxc2 30. Ra1 Nd3 31. Rxe3 Nxc1 32. Rxc1 Qxc1 33. Rxe4 Nxe4
0-1

[Event "26. Erfurter Schachfestival 2016 - MT"]
[Site "Erfurt"]
[Date "2016.12.29"]
[Round "7.4"]
[White "Schmaltz, Roland"]
[Black "Lubbe, Melanie"]
[Result "1-0"]
[WhiteElo "2487"]
[BlackElo "2295"]
[PlyCount "120"]
[EventDate "2016.12.26"]
[EventCountry "GER"]

1. e4 c5 2. Nf3 d6 3. d4 cxd4 4. Nxd4 Nf6 5. Nc3 Nc6 6. f4 g6 7. Nxc6 bxc6 8.
e5 dxe5 9. Qxd8+ Kxd8 10. fxe5 Nd5 11. Nxd5 cxd5 12. Bf4 Bf5 13. Rd1 e6 14. c4
Be4 15. Kf2 Bc5+ 16. Kg3 Kc7 17. Be2 d4 18. Bf3 Bxf3 19. Kxf3 Rhb8 20. Bc1 Rb4
21. b3 Rb7 22. Bb2 f6 23. exf6 e5 24. Ke4 Kd6 25. g4 a5 26. Rhf1 a4 27. Rf3 Ke6
28. g5 Rab8 29. Rdd3 Rf7 30. Bc1 h5 31. Bd2 Rfb7 32. Be1 Bd6 33. Bg3 Rc8 34.
Rf1 Rbc7 35. Rdf3 Rf7 36. Re1 Rc6 37. Rc1 Rfc7 38. f7 Rxf7 39. Rxf7 Kxf7 40.
Rf1+ Ke7 41. Rf6 Rc8 42. Bxe5 Bxe5 43. Kxe5 Rc5+ 44. Kxd4 Rxg5 45. Rf2 h4 46.
b4 h3 47. Rf3 Rg2 48. Rxh3 Rxa2 49. b5 a3 50. Kc5 g5 51. Kb4 g4 52. Rxa3 Rxh2
53. Rg3 Rh4 54. c5 Kd7 55. Ka5 Kc7 56. c6 Kc8 57. Kb6 Kb8 58. Ka6 Kc7 59. Rc3
Rh1 60. b6+ Kc8 1-0

[Event "26. Erfurter Schachfestival 2016 - MT"]
[Site "Erfurt"]
[Date "2016.12.29"]
[Round "7.5"]
[White "Friedrich, Wiede"]
[Black "Thinius, Marco"]
[Result "1/2-1/2"]
[WhiteElo "2302"]
[BlackElo "2357"]
[PlyCount "75"]
[EventDate "2016.12.26"]
[EventCountry "GER"]

1. e4 c6 2. c4 d5 3. cxd5 cxd5 4. exd5 Nf6 5. Qa4+ Nbd7 6. Nc3 g6 7. Nf3 Bg7 8.
Bc4 O-O 9. d3 a6 10. Qa3 b6 11. O-O Bb7 12. Be3 b5 13. Bb3 Re8 14. Qb4 Nb6 15.
Bxb6 Qxb6 16. a4 Red8 17. axb5 Nxd5 18. Bxd5 Bxd5 19. Qxe7 Bxf3 20. gxf3 Bxc3
21. bxc3 Qxb5 22. d4 Re8 23. Qf6 Re6 24. Qf4 Rae8 25. Rfd1 Qc4 26. Qg3 Rd8 27.
Rac1 a5 28. Qg2 Rd5 29. Qf1 Rg5+ 30. Kh1 Qd5 31. Rd3 Rc6 32. Re3 Rh5 33. Qe2 a4
34. Ra1 Qd6 35. Re5 Rxe5 36. dxe5 Qc5 37. Qe3 Qxe3 38. fxe3 1/2-1/2

[Event "26. Erfurter Schachfestival 2016 - MT"]
[Site "Erfurt"]
[Date "2016.12.29"]
[Round "7.6"]
[White "Schöne, Maria"]
[Black "Grigorian, Spartak"]
[Result "1-0"]
[WhiteElo "2278"]
[BlackElo "2335"]
[PlyCount "53"]
[EventDate "2016.12.26"]
[EventCountry "GER"]

1. e4 c5 2. Nf3 d6 3. d4 cxd4 4. Nxd4 Nf6 5. Nc3 a6 6. Be3 e6 7. Be2 Nc6 8. Qd2
Be7 9. f4 Qc7 10. O-O-O O-O 11. g4 Re8 12. g5 Nd7 13. h4 b5 14. g6 hxg6 15. h5
Nxd4 16. Bxd4 b4 17. hxg6 fxg6 18. Bg4 Nf6 19. Bxf6 Bxf6 20. Nd5 Qd8 21. Nxf6+
Qxf6 22. e5 dxe5 23. fxe5 Qxe5 24. Qg2 Bb7 25. Qxb7 Qg5+ 26. Kb1 Qxg4 27. Rd7
1-0

[Event "26. Erfurter Schachfestival 2016 - MT"]
[Site "Erfurt"]
[Date "2016.12.29"]
[Round "7.7"]
[White "Schmidek, Emil"]
[Black "Pfreundt, Jakob"]
[Result "1/2-1/2"]
[WhiteElo "2225"]
[BlackElo "2327"]
[PlyCount "42"]
[EventDate "2016.12.26"]
[EventCountry "GER"]

1. e4 e5 2. Nf3 Nc6 3. Bb5 a6 4. Ba4 Nf6 5. O-O Be7 6. Re1 b5 7. Bb3 d6 8. c3
O-O 9. h3 Re8 10. d3 Na5 11. Bc2 c5 12. Nbd2 Nc6 13. Nf1 h6 14. Ng3 Be6 15. d4
cxd4 16. cxd4 exd4 17. Nxd4 Nxd4 18. Qxd4 Rc8 19. Bd3 Nd7 20. Nh5 Nf6 21. Ng3
Nd7 1/2-1/2

[Event "26. Erfurter Schachfestival 2016 - MT"]
[Site "Erfurt"]
[Date "2016.12.29"]
[Round "7.8"]
[White "Lampert, Jonas"]
[Black "Skibbe, Willi"]
[Result "1-0"]
[WhiteElo "2500"]
[BlackElo "2279"]
[PlyCount "47"]
[EventDate "2016.12.26"]
[EventCountry "GER"]

1. d4 d5 2. c4 c6 3. Nf3 Nf6 4. Nbd2 Bg4 5. h3 Bh5 6. g4 Bg6 7. Ne5 Nbd7 8.
Nxg6 hxg6 9. Bg2 e6 10. O-O Bd6 11. Re1 Qe7 12. e4 dxe4 13. Nxe4 Nxe4 14. Rxe4
O-O-O 15. Rb1 Nf6 16. Re3 Rd7 17. b4 Rhd8 18. Ba3 Bb8 19. b5 c5 20. Rd3 Bd6 21.
Bc6 Rc7 22. dxc5 Bf4 23. Bxb7+ Rxb7 24. c6 1-0

[Event "26. Erfurter Schachfestival 2016 - MT"]
[Site "Erfurt"]
[Date "2016.12.29"]
[Round "7.9"]
[White "Polster, Christian"]
[Black "Zelbel, Patrick"]
[Result "0-1"]
[WhiteElo "2242"]
[BlackElo "2448"]
[PlyCount "93"]
[EventDate "2016.12.26"]
[EventCountry "GER"]

1. e4 e5 2. Nf3 Nc6 3. Bc4 Nf6 4. Ng5 d5 5. exd5 Na5 6. Bb5+ c6 7. dxc6 bxc6 8.
Qf3 Be7 9. Bd3 h6 10. Ne4 Nd5 11. b3 O-O 12. Ng3 Nf4 13. Bb2 Bd6 14. Ne2 Re8
15. Nxf4 exf4+ 16. Be2 Qh4 17. h3 Bf5 18. Kf1 Be4 19. Qc3 Qg5 20. Bf3 Rad8 21.
h4 Qb5+ 22. Be2 Qe5 23. d3 Bd5 24. Qxe5 Bxe5 25. Bxe5 Rxe5 26. Nc3 Rde8 27. d4
R5e7 28. Rh3 g5 29. hxg5 hxg5 30. Rh5 f6 31. Nxd5 cxd5 32. Bf3 Rd8 33. Re1 Rc7
34. Re2 Nc6 35. c3 Ne7 36. g3 fxg3 37. fxg3 Nf5 38. Kf2 Rxc3 39. Rd2 a5 40. g4
Nd6 41. Rh1 Ne4+ 42. Bxe4 dxe4 43. Re1 Rf3+ 44. Ke2 Rg3 45. d5 Rxg4 46. Ke3 f5
47. Red1 0-1

[Event "26. Erfurter Schachfestival 2016 - MT"]
[Site "Erfurt"]
[Date "2016.12.29"]
[Round "7.10"]
[White "Brüdigam, Martin"]
[Black "Mueer, Sebastian"]
[Result "1/2-1/2"]
[WhiteElo "2412"]
[BlackElo "2237"]
[PlyCount "68"]
[EventDate "2016.12.26"]
[EventCountry "GER"]

1. e4 c5 2. Nf3 d6 3. Bb5+ Nd7 4. d4 cxd4 5. Qxd4 a6 6. Bxd7+ Bxd7 7. c4 Nf6 8.
Bg5 e6 9. Nc3 Bc6 10. O-O Be7 11. Qd3 O-O 12. Nd4 Rc8 13. f3 Nd7 14. Bxe7 Qxe7
15. Nxc6 Rxc6 16. b3 Rfc8 17. Ne2 Ne5 18. Qe3 b5 19. cxb5 axb5 20. a4 bxa4 21.
bxa4 Nc4 22. Qf2 Rc5 23. Ra2 Qb7 24. h3 h6 25. Nd4 Ra8 26. Nb5 Qb6 27. Kh1 Qa5
28. Rb1 Rb8 29. Rd1 Qb4 30. Raa1 Rg5 31. Qd4 Qb2 32. Qxb2 Nxb2 33. Rxd6 Nxa4
34. Rxa4 Rgxb5 1/2-1/2

[Event "26. Erfurter Schachfestival 2016 - MT"]
[Site "Erfurt"]
[Date "2016.12.29"]
[Round "7.11"]
[White "Wöllermann, Jan"]
[Black "Gungl, Theo"]
[Result "0-1"]
[WhiteElo "2388"]
[BlackElo "2222"]
[PlyCount "103"]
[EventDate "2016.12.26"]
[EventCountry "GER"]

1. d4 d5 2. c4 c6 3. Nf3 Nf6 4. Nc3 e6 5. Bg5 dxc4 6. e4 b5 7. e5 h6 8. Bh4 g5
9. Nxg5 hxg5 10. Bxg5 Be7 11. exf6 Bxf6 12. Bxf6 Qxf6 13. g3 Na6 14. Bg2 Bb7
15. Ne4 Qe7 16. O-O O-O-O 17. a4 f5 18. axb5 cxb5 19. Nc3 Bxg2 20. Kxg2 Qb7+
21. f3 Nc7 22. Rf2 Rh7 23. Ne2 a6 24. Qd2 Rhd7 25. Qh6 Rd6 26. Qg5 Nd5 27. Qd2
Ne7 28. Qa5 Nd5 29. Qd2 Qb6 30. Qg5 Nb4 31. Rb1 Nc2 32. h4 Nxd4 33. Nxd4 Qxd4
34. h5 f4 35. Qxf4 Qxf4 36. gxf4 Rh8 37. Rh1 Rg8+ 38. Kh3 Rd5 39. Kh4 Rf5 40.
Re1 Rxf4+ 41. Kh3 Rf5 42. Kh4 e5 43. h6 Rg6 44. Rfe2 Rxh6+ 45. Kg4 Rhf6 46.
Rxe5 Rxf3 47. Re7 Rf7 48. R7e6 R3f6 49. Re8+ Kb7 50. Rd1 Rg7+ 51. Kh5 Rf2 52.
Kh6 0-1

[Event "26. Erfurter Schachfestival 2016 - MT"]
[Site "Erfurt"]
[Date "2016.12.29"]
[Round "7.12"]
[White "Berchtenbreiter, Maximilian"]
[Black "Kaunzinger, Albert"]
[Result "1-0"]
[WhiteElo "2384"]
[BlackElo "2217"]
[PlyCount "55"]
[EventDate "2016.12.26"]
[EventCountry "GER"]

1. b3 d5 2. Bb2 Bf5 3. e3 e6 4. f4 Nf6 5. Nf3 h6 6. d3 c6 7. Nbd2 Nbd7 8. Qe2
Nc5 9. g3 Be7 10. Bg2 Bh7 11. Ne5 O-O 12. O-O Nfd7 13. Nxd7 Nxd7 14. e4 Bf6 15.
e5 Be7 16. g4 Bc5+ 17. Kh1 Qb6 18. Rae1 Bd4 19. c3 Bc5 20. d4 Be7 21. c4 Qa6
22. Bc3 Bh4 23. Ra1 Rae8 24. Qe3 Qa3 25. g5 hxg5 26. fxg5 f6 27. exf6 gxf6 28.
g6 1-0

[Event "26. Erfurter Schachfestival 2016 - MT"]
[Site "Erfurt"]
[Date "2016.12.29"]
[Round "7.13"]
[White "Osmanodja, Filiz"]
[Black "Taggatz, Mario"]
[Result "1-0"]
[WhiteElo "2343"]
[BlackElo "2174"]
[PlyCount "53"]
[EventDate "2016.12.26"]
[EventCountry "GER"]

1. e4 e5 2. Nf3 Nc6 3. Bb5 a6 4. Ba4 d6 5. d4 b5 6. Bb3 Nxd4 7. Nxd4 exd4 8. c3
d3 9. Qxd3 Be7 10. Qg3 Bf6 11. O-O Ne7 12. f4 g6 13. f5 g5 14. Qf3 Bb7 15. Qh5
Rf8 16. Bxg5 Bxg5 17. Qxg5 Qd7 18. Nd2 O-O-O 19. a4 d5 20. f6 Rg8 21. Qe3 Ng6
22. axb5 Qg4 23. bxa6 Ba8 24. h3 Qh5 25. Bd1 Qh4 26. Bg4+ Rd7 27. g3 1-0

[Event "26. Erfurter Schachfestival 2016 - MT"]
[Site "Erfurt"]
[Date "2016.12.29"]
[Round "7.14"]
[White "Pons Carreras, David"]
[Black "Schupp, Uwe"]
[Result "1/2-1/2"]
[WhiteElo "2335"]
[BlackElo "2079"]
[PlyCount "36"]
[EventDate "2016.12.26"]
[EventCountry "GER"]

1. Nf3 d6 2. d4 Nf6 3. c4 Nbd7 4. Nc3 e5 5. g3 Be7 6. Bg2 O-O 7. O-O c6 8. e4
a6 9. a4 a5 10. h3 Re8 11. Be3 exd4 12. Nxd4 Nc5 13. Qc2 Bf8 14. Rfe1 Na6 15.
Rad1 Nb4 16. Qb1 Qc7 17. b3 Nd7 18. Na2 Na6 1/2-1/2